Least Guessed Country Flags - Statistics

General Stats
  • This quiz has been taken 58 times
  • The average score is 11 of 15
Answer Stats
Picture Hint Answer % Correct
23% Tuvalu
87%
22% St. Vincent and the Grenadines
81%
19% Bolivia
79%
22% Sao Tome & Principe
79%
19% Solomon Islands
79%
20% Guinea-Bissau
77%
22% Mauritius
77%
24% Suriname
77%
24% Vanuatu
77%
24% Benin
75%
20% Gambia
75%
23% Equatorial Guinea
71%
24% Grenada
71%
24% St. Kitts & Nevis
69%
23% Guinea
65%
No matching quizzes found
Score Distribution
Percent of People with Each Score
Percentile by Number Answered
Your Score History
You have not taken this quiz